000 00709cam a2200241u 4500
999 _c18652
_d18652
001 9375442
003 BDDh-ASL
005 20231015025723.0
008 821029t19631962nyuab 000 0 eng
010 _a 62012740
040 _aDLC
_cCarP
_dBDDh-ASL
050 0 0 _aBP50
_b.S693 1963
082 _a297.01
_bSOI
100 1 _aSourdel, Dominique. [from old catalog]
245 0 0 _aIslam /
_cby Dominique Sourdel.
246 _aDocteur es lettres, translated by Douglas Scott
260 _aNew York:
_bWalker,
_c[1963, c1962]
300 _a155 p.
_bmap, diagrs.
_c21 cm.
650 0 _aIslam.
700 1 _91506
_aScott, Douglas
906 _a0
_bcbc
_cpremunv
_du
_encip
_f19
_gy-gencatlg
942 _2ddc
_cBK